Ermeni olayları tarihi 1-2 / (Record no. 12950)

MARC details
000 -BAŞLIK
Sabit Uzunlukta Kontrol Alanı 01027nam a22002777a 4500
999 ## - SİSTEM KONTROL NUMARALARI (KOHA)
Koha Biblionumber 12950
Koha Biblioitemnumber 12950
003 - KONTROL NUMARASI IDENTIFIER
Denetim Alanı MIRAKIL
005 - SON İŞLEM TARİHİ VE ZAMANI
Denetim Alanı 20190314140941.0
008 - SABİT-BOY VERİ ELEMANLARI - GENEL BİLGİLER
Sabit Uzunlukta Kontrol Alanı 190314b tu ||||| |||| 00| 0 tur d
020 ## - ULUSLARARASI STANDART KİTAP NUMARASI
Uluslararası Standart Kitap Numarası 9751908159 (Tk no.)
020 ## - ULUSLARARASI STANDART KİTAP NUMARASI
Uluslararası Standart Kitap Numarası 9751908167 (1.cilt)
020 ## - ULUSLARARASI STANDART KİTAP NUMARASI
Uluslararası Standart Kitap Numarası 9751908175 (2.cilt)
040 ## - KATALOGLAMA KAYNAK
Orijinal Kataloglama Ajansı TR-AnCHP
Metne Dönüştürmek Ajansı TR-AnCHP
041 ## - DİL KODU
Metin / Ses Parça Veya Ayrı Başlığın Dil Kodu tur
082 ## - DEWEY ONLU SINIFLANDIRMA NUMARASI
Sınıflandırma Numarası 956.100491992
Ürün Numarası H97e 1998
100 ## - ANA GİRİŞ - KİŞİSEL İSİM
Kişisel Ad Hüseyin Nazım Paşa
245 10 - BAŞLIK TABLOSU
Başlık Ermeni olayları tarihi 1-2 /
Sorumluluk Tablosu, Vb Hüseyin Nazım Paşa ; hazırlayanlar: Necati Aktaş, Mustafa Oğuz, Mustafa Küçük
260 ## - YAYIN, DAĞITIM, VB
Yayın, Dağıtım, Vb Yeri Ankara :
Yayıncı, Dağıtıcı, Vs Adı Devlet Arşivleri Genel Müdürlüğü,
Yayın, Dağıtım, Vb Tarihi 1998.
300 ## - FİZİKSEL TANIM
Kapsam c <1,2> :
Boyutlar 24 sm.
490 0# - SERİSİ TABLOSU
Seri Beyanı Devlet Arşivleri Genel Müdürlüğü Osmanlı Arşivi Daire Başkanlığı ;
Hacim / Ardışık Tanımı yayın nu: 15
650 #0 - KONU KATMA GİRİŞ - TOPİKAL DÖNEM
9 (RLIN) 710
Topikal Süreli Veya Coğrafi Ad Giriş Elemanı Osmanlı İmparatorluğu
Genel Alt Bölümü Tarih
-- Ermeniler
650 #0 - KONU KATMA GİRİŞ - TOPİKAL DÖNEM
9 (RLIN) 5447
Topikal Süreli Veya Coğrafi Ad Giriş Elemanı Ermeni olayları
Genel Alt Bölümü Tarih
-- Belgeler
700 ## - KATMA GİRİŞ - KİŞİSEL İSİM
9 (RLIN) 5455
Kişisel Ad Aktaş, Necati
Relator Terim haz.
700 ## - KATMA GİRİŞ - KİŞİSEL İSİM
9 (RLIN) 5456
Kişisel Ad Oğuz, Mustafa
Relator Terim haz.
700 ## - KATMA GİRİŞ - KİŞİSEL İSİM
9 (RLIN) 5457
Kişisel Ad Küçük, Mustafa
Relator Terim haz.
942 ## - EKLENDİ GİRİŞ ELEMANLARI (KOHA)
Sınıflandırma Veya Raf Düzeni Kaynak Dewey Decimal Classification
Koha Öğesi Türü Books
Holdings
Kalıcı Konum Mevcut Konum Edinme Tarihi Toplam Check-Out'Lar Tam Çağrı Numarası Barkod Tarih Son Görülme Kopya Sayısı İtibaren Geçerli Fiyatlar Koha Öğesi Türü
CHP Kütüphanesi CHP Kütüphanesi 03/14/2019   956.100491992 H97e 1998 019010 03/14/2019 c.1 03/14/2019 Books
CHP Kütüphanesi CHP Kütüphanesi 03/14/2019   956.100491992 H97e 1998 019011 03/14/2019 c.2 03/14/2019 Books